Normal view
MARC view
- O'Shaughnessy, Edith,
Entry Nombre Personal
001 - NUMERO DE CONTROL
- campo de control: 51516
003 - IDENTIFICADOR DE NUMERO DE CONTROL
- campo de control: DLC
005 - FECHA Y HORA DE LA ÜLTIMA TRANSACCIÓN
- campo de control: 20240412094702.0
008 - DATOS DE LONGITUD FIJA
- campo de control de longitud fija: 800815n| acannaab| |a aaa |||
010 ## - NÚMERO DE CONTROL DE LA BIBLIOTECA DEL CONGRESO
- Número de control LC: n 50049641
040 ## - FUENTE DE CATALOGACIÓN
- Agencia original de catalogación: DLC
- Lenguaje de catalogación: spa
- Agencia de transcripción: DLC
- Agencia que lo modifica: CU
- Agencia que lo modifica: MX-MxUPN
100 1# - ENCABEZAMIENTO - NOMBRE PERSONAL
- Nombre personal: O'Shaughnessy, Edith,
- Fechas asociadas con el nombre: 1870-1939
400 1# - VEÁSE - NOMBRE DE PERSONA
- Personal name: O'Shaughnessy, Nelson,
- Titles and other words associated with a name: Mrs.,
- Dates associated with a name: 1870-1939
670 ## - FUENTE EN LA QUE SE LOCALIZARON DATOS
- Cita de la fuente: Her A diplomats wife in Mexico, 1916.
670 ## - FUENTE EN LA QUE SE LOCALIZARON DATOS
- Cita de la fuente: Diplomatic days, 1917:
- Información localizada: portada (Edith O'Shaughnessy)
902 ## - CATALOGADOR
- Catalogador: Víctor Ruiz/120424
